| 000 | 01018nam a22003017a 4500 | ||
|---|---|---|---|
| 001 | 7375 | ||
| 003 | FISKH | ||
| 005 | 20250711100046.0 | ||
| 008 | 250711b cb ||||| |||| 00| 0 eng d | ||
| 020 | _a9780064401845 | ||
| 040 |
_aFISKH _beng _cFISKH _dFISKH |
||
| 050 | _aPZ7.P273 B | ||
| 082 | _a813.54 | ||
| 100 | _aPaterson, Katherine | ||
| 245 |
_aBridge to terabithia / _cBy Katherine Paterson |
||
| 250 | _aFirst Harper Trophy edition, 1987 | ||
| 260 |
_aNew York : _bHarper Trophy , _c1977. |
||
| 300 |
_a163 pages : _billustrations ; _c201 cm . |
||
| 505 | _aS | ||
| 520 | _aThe life of a ten-year-old boy in rural Virginia expands when he becomes friends with a newcomer who subsequently meets an untimely death trying to reach their hideaway, Terabithia, during a storm. | ||
| 521 | 8 |
_a810
_bLexile |
|
| 521 | 8 |
_aS
_bRaz-Plus |
|
| 650 |
_aFriendship _vFiction |
||
| 650 |
_aDeath _vFiction |
||
| 700 |
_aDiamond, Donna _eIllustrator |
||
| 942 |
_2ddc _cBK _n0 |
||
| 999 |
_c7375 _d7375 |
||